000 01080nam a22004210a 4500
001 PT32428
003 AR-LpoUNG
005 20210131225948.0
008 191001s2008||||ag |||||||||||||||||spa d
020 _a9789500729383
_c$9.70
040 _aAR-LpoUNG
_bspa
_cAR-LpoUNG
_eaacr
041 _aspa
044 _aag
082 0 _a982.063 478his
100 1 _aGillespie, Richard
245 1 0 _aSoldados de Perón :
_bhistoria crítica sobre los Montoneros
250 _a2da. ed.
260 _aBuenos Aires :
_bSudamericana,
_c2008.
300 _a477 p. :
_btbls.
650 4 _aANALISIS HISTORICO
650 4 _aARGENTINA
650 4 _aDICTADURA
650 4 _aGOBIERNO MILITAR
650 4 _aGOLPES DE ESTADO
650 4 _aHISTORIA
650 4 _aHISTORIA POLITICA
650 4 _aIDEOLOGIAS POLITICAS
650 4 _aNACIONALISMO
650 4 _aREVOLUCION
650 4 _aSISTEMAS POLITICOS
650 4 _aTERRORISMO
651 4 _aArgentina
653 _aINSERCION
653 _aPERONISMO
700 1 _aPigrau, Antoni
_etr.
905 _a32428
942 _cLSALA
999 _c701
_d701